000 00548nam a2200205 a 4500
005 20140310183249.0
008 040922s19uu xx 00 eng d
020 _a0521787181
050 _aQC 23
_b.P578 2002
245 _aPhysics 1 /
260 _aU.S.A :
_bCambridge University Press,
_c2002.
300 _a209 p. :
_bcol. ill. ;
_c28 cm.
440 _aAdvance Sciences
500 _aIncludes glossary and index.
650 _aPhysics.
700 _aGibbs, Keith
700 _aHutchngs, Robert
942 _cBK
_2lcc
_kFOR
999 _c20744
_d20744